Screening of Candidate Type 2 Diabetes Genes in Pakistani Population/ (Record no. 330436)
[ view plain ]
| 000 -LEADER | |
|---|---|
| fixed length control field | 00645nam a22001937a 4500 |
| 003 - CONTROL NUMBER IDENTIFIER | |
| control field | ASAB |
| 005 - DATE AND TIME OF LATEST TRANSACTION | |
| control field | 20240628162658.0 |
| 008 - FIXED-LENGTH DATA ELEMENTS--GENERAL INFORMATION | |
| fixed length control field | 170712b xxu||||| |||| 00| 0 eng d |
| 040 ## - CATALOGING SOURCE | |
| Transcribing agency | ASAB |
| 082 ## - DEWEY DECIMAL CLASSIFICATION NUMBER | |
| Classification number | 200 |
| 100 ## - MAIN ENTRY--PERSONAL NAME | |
| Personal name | Asima Zia |
| 9 (RLIN) | 3252 |
| 245 ## - TITLE STATEMENT | |
| Title | Screening of Candidate Type 2 Diabetes Genes in Pakistani Population/ |
| Statement of responsibility, etc. | Asima Zia |
| 260 ## - PUBLICATION, DISTRIBUTION, ETC. | |
| Place of publication, distribution, etc. | Islamabad |
| Name of publisher, distributor, etc. | Atta Ur Rahman School of Applied Biosciences NUST |
| Date of publication, distribution, etc. | 2015 |
| 300 ## - PHYSICAL DESCRIPTION | |
| Extent | 365 p; |
| Other physical details | ill; |
| Dimensions | 30,cm. |
| 630 ## - SUBJECT ADDED ENTRY--UNIFORM TITLE | |
| General subdivision | PhD- Healthcare Biotechnology |
| 9 (RLIN) | 123913 |
| 700 ## - ADDED ENTRY--PERSONAL NAME | |
| Personal name | Supervisor:Dr.Attya Bhatti |
| 9 (RLIN) | 123912 |
| 856 ## - ELECTRONIC LOCATION AND ACCESS | |
| Uniform Resource Identifier | <a href="http://10.250.8.41:8080/xmlui/handle/123456789/27715">http://10.250.8.41:8080/xmlui/handle/123456789/27715</a> |
| 942 ## - ADDED ENTRY ELEMENTS (KOHA) | |
| Source of classification or shelving scheme | |
| Koha item type | Soft Copy |
| Withdrawn status | Lost status | Source of classification or shelving scheme | Damaged status | Not for loan | Collection code | Permanent Location | Current Location | Date acquired | Total Checkouts | Full call number | Barcode | Date last seen | Price effective from | Koha item type | Shelving location |
|---|---|---|---|---|---|---|---|---|---|---|---|---|---|---|---|
| Atta-ur-Rahman School of Applied Biosciences (ASAB) | Atta-ur-Rahman School of Applied Biosciences (ASAB) | 07/12/2017 | Thesis 2015 AZ | ASABPHD16 | 07/12/2017 | 07/12/2017 | Thesis | ||||||||
| Central Library (CL) | Central Library (CL) | 08/18/2019 | 200 | CLPT-367 | 08/18/2019 | 08/18/2019 | Soft Copy | Thesis |
